000
00237nam a2200097Ia 4500
008
240331s9999 xx 000 0 und d
082
_b
RAY
100
_a
Rayagaram,P
245
0
_a
Deshiyam eppoladum ingum mudalalithuwa korikkeye
942
_c
L
999
_c
4590
_d
4590